[Event "Wroclaw"]
[Site "?"]
[Date "2020.08.27"]
[Round "4.9"]
[White "Dixa, Oskar"]
[Black "Galuszka, Tomasz"]
[Result "1/2-1/2"]
[BlackElo "1943"]
[WhiteElo "1706"]
[LiveChessVersion "1.4.8"]

1. d4 {[%clk 0:03:03]} d5 {[%clk 0:03:03]} 2. c4 {[%clk 0:03:04]} c6
{[%clk 0:03:04]} 3. cxd5 {[%clk 0:03:02]} cxd5 {[%clk 0:03:04]} 4. Bf4
{[%clk 0:03:02]} Nc6 {[%clk 0:03:05]} 5. Nf3 {[%clk 0:03:02]} Nf6
{[%clk 0:03:06]} 6. Nc3 {[%clk 0:03:02]} e6 {[%clk 0:03:07]} 7. h3
{[%clk 0:03:00]} Bd6 {[%clk 0:03:07]} 8. Bxd6 {[%clk 0:03:01]} Qxd6
{[%clk 0:03:08]} 9. e3 {[%clk 0:03:02]} O-O {[%clk 0:03:08]} 10. Be2
{[%clk 0:03:02]} e5 {[%clk 0:03:02]} 11. dxe5 {[%clk 0:03:01]} Nxe5
{[%clk 0:03:03]} 12. O-O {[%clk 0:02:55]} Rd8 {[%clk 0:02:44]} 13. Nb5
{[%clk 0:02:48]} Qe7 {[%clk 0:02:37]} 14. Nxe5 {[%clk 0:02:43]} Qxe5
{[%clk 0:02:37]} 15. Qd4 {[%clk 0:02:44]} Qxd4 {[%clk 0:02:36]} 16. Nxd4
{[%clk 0:02:43]} Bd7 {[%clk 0:02:34]} 17. Rac1 {[%clk 0:02:42]} Rac8
{[%clk 0:02:35]} 18. Bb5 {[%clk 0:02:18]} Rxc1 {[%clk 0:02:27]} 19. Rxc1
{[%clk 0:02:19]} Rc8 {[%clk 0:02:20]} 20. Rxc8+ {[%clk 0:02:12]} Bxc8
{[%clk 0:02:21]} 21. Kf1 {[%clk 0:02:08]} Kf8 {[%clk 0:02:22]} 22. Ke2
{[%clk 0:02:07]} Ke7 {[%clk 0:02:23]} 23. Bd3 {[%clk 0:02:06]} a6
{[%clk 0:02:22]} 24. f3 {[%clk 0:01:58]} Kd6 {[%clk 0:02:22]} 25. Kd2
{[%clk 0:01:55]} g6 {[%clk 0:02:22]} 26. Kc3 {[%clk 0:01:51]} Ke5 1/2-1/2

[Event "Wroclaw"]
[Site "?"]
[Date "2020.08.27"]
[Round "4.10"]
[White "Zerebiec, Maurycy"]
[Black "Pelka, Michal"]
[Result "0-1"]
[BlackElo "1658"]
[WhiteElo "1920"]
[LiveChessVersion "1.4.8"]

1. c4 {[%clk 0:03:03]} Nf6 {[%clk 0:03:02]} 2. Nc3 {[%clk 0:03:04]} g6
{[%clk 0:03:02]} 3. e4 {[%clk 0:03:04]} e5 {[%clk 0:02:53]} 4. g3
{[%clk 0:03:04]} Bg7 {[%clk 0:02:52]} 5. Bg2 {[%clk 0:03:05]} O-O
{[%clk 0:02:44]} 6. Nge2 {[%clk 0:03:06]} Ne8 {[%clk 0:02:31]} 7. O-O
{[%clk 0:03:05]} d6 {[%clk 0:02:32]} 8. d3 {[%clk 0:03:05]} a6 {[%clk 0:02:29]}
9. Be3 {[%clk 0:02:58]} c5 {[%clk 0:02:23]} 10. a3 {[%clk 0:02:52]} Nc6
{[%clk 0:02:23]} 11. Rb1 {[%clk 0:02:53]} Nd4 {[%clk 0:02:06]} 12. b4
{[%clk 0:02:49]} b6 {[%clk 0:01:54]} 13. bxc5 {[%clk 0:02:38]} bxc5
{[%clk 0:01:53]} 14. Nd5 {[%clk 0:02:24]} Nc7 {[%clk 0:01:37]} 15. Nxd4
{[%clk 0:01:20]} cxd4 {[%clk 0:01:38]} 16. Nxc7 {[%clk 0:01:04]} Qxc7
{[%clk 0:01:37]} 17. Bd2 {[%clk 0:01:04]} Bd7 {[%clk 0:01:28]} 18. Qc2
{[%clk 0:01:04]} Rab8 {[%clk 0:01:13]} 19. f4 {[%clk 0:01:00]} f5
{[%clk 0:00:52]} 20. fxe5 {[%clk 0:00:56]} dxe5 {[%clk 0:00:52]} 21. Rb4
{[%clk 0:00:44]} fxe4 {[%clk 0:00:47]} 22. Bxe4 {[%clk 0:00:44]} Rxf1+
{[%clk 0:00:46]} 23. Kxf1 {[%clk 0:00:44]} Bh3+ {[%clk 0:00:41]} 24. Kg1
{[%clk 0:00:42]} Rf8 {[%clk 0:00:41]} 25. Rb1 {[%clk 0:00:33]} Kh8
{[%clk 0:00:36]} 26. Bb4 {[%clk 0:00:31]} Rb8 {[%clk 0:00:25]} 27. Bd2
{[%clk 0:00:21]} Rf8 {[%clk 0:00:23]} 28. Bg2 {[%clk 0:00:10]} Bxg2
{[%clk 0:00:23]} 29. Kxg2 {[%clk 0:00:11]} Qc6+ {[%clk 0:00:24]} 30. Kg1
{[%clk 0:00:12]} Qf3 {[%clk 0:00:24]} 31. Bb4 {[%clk 0:00:12]} Qe3+
{[%clk 0:00:20]} 32. Kh1 {[%clk 0:00:13]} Rf2 {[%clk 0:00:17]} 33. Qd1
{[%clk 0:00:11]} h5 {[%clk 0:00:12]} 34. c5 {[%clk 0:00:08]} h4 {[%clk 0:00:12]}
35. gxh4 {[%clk 0:00:08]} Qh3 {[%clk 0:00:12]} 36. Qg1 {[%clk 0:00:03]} Qf3+
{[%clk 0:00:12]} 0-1

[Event "Wroclaw"]
[Site "?"]
[Date "2020.08.27"]
[Round "4.11"]
[White "Warchol, Bartosz"]
[Black "Radecki, Adam"]
[Result "1/2-1/2"]
[BlackElo "1908"]
[WhiteElo "1697"]
[LiveChessVersion "1.4.8"]

1. d4 {[%clk 0:03:01]} Nf6 {[%clk 0:03:04]} 2. c4 {[%clk 0:03:02]} g6
{[%clk 0:03:05]} 3. Nf3 c6 4. g3 {[%clk 0:02:53]} d5 {[%clk 0:03:07]} 5. b3
{[%clk 0:02:53]} Bg7 {[%clk 0:03:08]} 6. Bg2 {[%clk 0:02:53]} O-O
{[%clk 0:03:08]} 7. O-O {[%clk 0:02:53]} Nbd7 {[%clk 0:03:09]} 8. Bb2
{[%clk 0:02:53]} Ne4 {[%clk 0:03:06]} 9. Nbd2 {[%clk 0:02:51]} Ndf6
{[%clk 0:03:05]} 10. Nxe4 {[%clk 0:02:45]} Nxe4 {[%clk 0:03:05]} 11. Nd2
{[%clk 0:02:44]} Nxd2 {[%clk 0:03:05]} 12. Qxd2 {[%clk 0:02:44]} Be6
{[%clk 0:03:01]} 13. cxd5 {[%clk 0:02:22]} cxd5 {[%clk 0:03:01]} 14. Rac1
{[%clk 0:02:18]} Qd7 {[%clk 0:03:02]} 15. Rc5 {[%clk 0:02:03]} b6
{[%clk 0:02:49]} 16. Rc3 {[%clk 0:01:56]} Rfc8 {[%clk 0:02:49]} 17. Rfc1
{[%clk 0:01:53]} Qd6 {[%clk 0:02:36]} 18. R1c2 {[%clk 0:01:24]} Bf5
{[%clk 0:02:32]} 19. Rc1 {[%clk 0:01:25]} h5 {[%clk 0:02:23]} 20. Rxc8+
{[%clk 0:01:04]} Rxc8 {[%clk 0:02:24]} 21. Rxc8+ Bxc8 {[%clk 0:02:25]} 22. Qc1
{[%clk 0:00:46]} Ba6 {[%clk 0:02:26]} 23. Ba3 {[%clk 0:00:43]} Qd7
{[%clk 0:02:27]} 24. e3 {[%clk 0:00:42]} e5 {[%clk 0:02:25]} 25. dxe5
{[%clk 0:00:39]} Bxe5 {[%clk 0:02:26]} 26. Qd1 {[%clk 0:00:35]} Bb7
{[%clk 0:02:10]} 27. Qd2 {[%clk 0:00:36]} Qc6 {[%clk 0:02:02]} 28. Bb2
{[%clk 0:00:34]} Qd6 {[%clk 0:01:55]} 29. Bxe5 {[%clk 0:00:34]} Qxe5
{[%clk 0:01:56]} 30. Qd4 {[%clk 0:00:34]} Qxd4 {[%clk 0:01:57]} 31. exd4
{[%clk 0:00:36]} Kf8 {[%clk 0:01:58]} 32. h4 {[%clk 0:00:31]} Ke7
{[%clk 0:01:57]} 33. Kf1 {[%clk 0:00:31]} Ke6 {[%clk 0:01:58]} 34. Ke2
{[%clk 0:00:32]} Ba6+ {[%clk 0:01:59]} 35. Ke3 {[%clk 0:00:33]} f6
{[%clk 0:01:57]} 36. Kf4 {[%clk 0:00:27]} Bd3 {[%clk 0:01:54]} 37. Bh3+
{[%clk 0:00:26]} Kd6 {[%clk 0:01:49]} 38. a3 {[%clk 0:00:24]} a5 {[%clk 0:01:48]}
39. Bg2 {[%clk 0:00:20]} b5 {[%clk 0:01:45]} 40. b4 {[%clk 0:00:20]} axb4
{[%clk 0:01:44]} 41. axb4 {[%clk 0:00:20]} Ke6 {[%clk 0:01:44]} 42. f3
{[%clk 0:00:21]} Be2 {[%clk 0:01:41]} 43. Bh3+ {[%clk 0:00:20]} Kf7
{[%clk 0:01:37]} 44. g4 {[%clk 0:00:21]} hxg4 {[%clk 0:01:34]} 45. fxg4
{[%clk 0:00:22]} Bd3 {[%clk 0:01:26]} 46. Bg2 {[%clk 0:00:23]} Ke6
{[%clk 0:01:27]} 47. h5 {[%clk 0:00:23]} g5+ {[%clk 0:01:26]} 48. Ke3
{[%clk 0:00:23]} Bc2 {[%clk 0:01:20]} 49. Bf1 {[%clk 0:00:24]} Bd1
{[%clk 0:01:20]} 50. Be2 {[%clk 0:00:24]} Bxe2 {[%clk 0:01:20]} 51. Kxe2
{[%clk 0:00:25]} f5 {[%clk 0:01:21]} 52. gxf5+ {[%clk 0:00:19]} Kxf5
{[%clk 0:01:23]} 53. Kf3 {[%clk 0:00:20]} g4+ {[%clk 0:01:23]} 54. Kg3
{[%clk 0:00:20]} Kg5 {[%clk 0:01:24]} 55. h6 {[%clk 0:00:22]} Kxh6
{[%clk 0:01:25]} 56. Kxg4 {[%clk 0:00:22]} Kg6 {[%clk 0:01:27]} 1/2-1/2

[Event "Wroclaw"]
[Site "?"]
[Date "2020.08.27"]
[Round "5.1"]
[White "Teclaf, Pawel"]
[Black "Godzwon, Iwo"]
[Result "1-0"]
[BlackElo "2193"]
[WhiteElo "2383"]
[LiveChessVersion "1.4.8"]

1. Nf3 {[%clk 0:03:02]} c5 {[%clk 0:03:04]} 2. b3 {[%clk 0:02:58]} Nc6
{[%clk 0:02:57]} 3. Bb2 {[%clk 0:03:00]} d5 {[%clk 0:02:58]} 4. e3
{[%clk 0:03:00]} Nf6 {[%clk 0:02:58]} 5. Bb5 {[%clk 0:03:01]} Bd7
{[%clk 0:02:45]} 6. O-O {[%clk 0:03:01]} a6 {[%clk 0:02:46]} 7. Bxc6
{[%clk 0:03:01]} Bxc6 {[%clk 0:02:48]} 8. d3 {[%clk 0:03:02]} e6 {[%clk 0:02:48]}
9. Ne5 {[%clk 0:03:03]} Rc8 {[%clk 0:02:46]} 10. Nd2 {[%clk 0:03:04]} Be7
{[%clk 0:02:47]} 11. f4 {[%clk 0:03:03]} O-O {[%clk 0:02:44]} 12. Rf3 d4
{[%clk 0:02:36]} 13. Nxc6 {[%clk 0:02:54]} Rxc6 {[%clk 0:02:20]} 14. e4
{[%clk 0:02:41]} b5 {[%clk 0:02:15]} 15. a4 {[%clk 0:02:36]} Qc7 {[%clk 0:02:15]}
16. axb5 {[%clk 0:02:36]} axb5 {[%clk 0:02:06]} 17. Qe2 {[%clk 0:02:32]} Qb7
{[%clk 0:02:06]} 18. f5 {[%clk 0:02:32]} exf5 {[%clk 0:01:54]} 19. Rxf5
{[%clk 0:02:32]} Ra8 {[%clk 0:01:34]} 20. Raf1 Rf8 21. Qf3 {[%clk 0:02:23]} Re6
{[%clk 0:01:36]} 22. Qh3 g6 {[%clk 0:01:11]} 23. R5f4 {[%clk 0:01:41]} Qc6
{[%clk 0:00:53]} 24. b4 {[%clk 0:01:21]} Nd7 {[%clk 0:00:53]} 25. bxc5
{[%clk 0:01:22]} Bxc5 {[%clk 0:00:12]} 26. Nf3 h5 {[%clk 0:00:12]} 27. g4
{[%clk 0:00:51]} 1-0

[Event "Wroclaw"]
[Site "?"]
[Date "2020.08.27"]
[Round "5.2"]
[White "Kulesza, Andrzej"]
[Black "Mis, Mieszko"]
[Result "0-1"]
[BlackElo "2370"]
[WhiteElo "1749"]
[LiveChessVersion "1.4.8"]

1. e4 {[%clk 0:03:03]} c5 {[%clk 0:03:03]} 2. Nf3 {[%clk 0:03:04]} e6
{[%clk 0:03:05]} 3. d4 {[%clk 0:03:05]} cxd4 {[%clk 0:03:06]} 4. Nxd4
{[%clk 0:03:06]} Nc6 {[%clk 0:03:07]} 5. Nc3 {[%clk 0:03:07]} Qc7
{[%clk 0:03:09]} 6. Be3 {[%clk 0:03:04]} a6 {[%clk 0:03:09]} 7. Be2
{[%clk 0:03:04]} Nf6 {[%clk 0:03:10]} 8. O-O Be7 {[%clk 0:03:07]} 9. Qd2
{[%clk 0:02:56]} O-O {[%clk 0:03:05]} 10. f4 {[%clk 0:02:56]} d6 {[%clk 0:03:06]}
11. Bf3 {[%clk 0:02:49]} Nxd4 {[%clk 0:03:05]} 12. Bxd4 {[%clk 0:02:48]} e5
{[%clk 0:03:06]} 13. Be3 {[%clk 0:02:49]} b5 {[%clk 0:02:31]} 14. a3
{[%clk 0:02:27]} Bb7 {[%clk 0:02:28]} 15. f5 {[%clk 0:02:24]} Rfd8
{[%clk 0:02:15]} 16. Bg5 {[%clk 0:02:15]} Rac8 {[%clk 0:01:14]} 17. Rfd1
{[%clk 0:01:45]} a5 {[%clk 0:01:06]} 18. Nxb5 {[%clk 0:01:03]} Qb6+
{[%clk 0:01:01]} 19. Nd4 {[%clk 0:00:50]} exd4 {[%clk 0:00:56]} 20. Kh1
{[%clk 0:00:34]} Qc7 {[%clk 0:00:37]} 0-1

[Event "Wroclaw"]
[Site "?"]
[Date "2020.08.27"]
[Round "5.3"]
[White "Kokoszczynski, Jan"]
[Black "Szpar, Milosz"]
[Result "1/2-1/2"]
[BlackElo "2275"]
[WhiteElo "2163"]
[LiveChessVersion "1.4.8"]

1. d4 {[%clk 0:03:03]} Nf6 {[%clk 0:03:03]} 2. c4 {[%clk 0:03:04]} e6
{[%clk 0:03:04]} 3. Nf3 {[%clk 0:03:05]} c5 {[%clk 0:03:05]} 4. g3
{[%clk 0:03:06]} cxd4 {[%clk 0:03:06]} 5. Nxd4 {[%clk 0:03:07]} Bb4+
{[%clk 0:03:07]} 6. Bd2 {[%clk 0:03:02]} Qb6 {[%clk 0:03:08]} 7. e3
{[%clk 0:02:51]} Nc6 {[%clk 0:03:08]} 8. Bg2 {[%clk 0:02:27]} O-O
{[%clk 0:02:58]} 9. O-O {[%clk 0:02:20]} d5 {[%clk 0:02:54]} 10. cxd5
{[%clk 0:02:04]} Nxd4 {[%clk 0:02:38]} 11. Bxb4 {[%clk 0:02:03]} Qxb4
{[%clk 0:02:33]} 12. Qxd4 {[%clk 0:02:04]} Nxd5 {[%clk 0:02:31]} 13. Bxd5
{[%clk 0:02:01]} Qxd4 {[%clk 0:02:32]} 14. exd4 {[%clk 0:02:02]} exd5
{[%clk 0:02:32]} 15. Nc3 {[%clk 0:02:03]} Be6 {[%clk 0:02:28]} 16. Rac1
{[%clk 0:02:04]} Rfc8 {[%clk 0:02:24]} 17. Nb5 {[%clk 0:01:42]} Rc6
{[%clk 0:01:45]} 18. Rxc6 {[%clk 0:01:37]} bxc6 {[%clk 0:01:46]} 19. Nc3
{[%clk 0:01:38]} Rb8 {[%clk 0:01:13]} 20. b3 {[%clk 0:01:39]} Kf8
{[%clk 0:01:14]} 21. Na4 {[%clk 0:01:36]} Ke7 {[%clk 0:01:12]} 22. f3
{[%clk 0:01:29]} Kd6 {[%clk 0:01:12]} 23. Kf2 {[%clk 0:01:30]} h5
{[%clk 0:01:11]} 24. Nc5 {[%clk 0:01:22]} Bf5 {[%clk 0:00:49]} 25. Re1
{[%clk 0:01:16]} g6 {[%clk 0:00:45]} 26. Re2 {[%clk 0:01:06]} Rh8
{[%clk 0:00:35]} 27. Nb7+ {[%clk 0:00:50]} Kd7 {[%clk 0:00:35]} 28. Nc5+
{[%clk 0:00:51]} Kd6 {[%clk 0:00:36]} 29. h4 {[%clk 0:00:46]} Rb8
{[%clk 0:00:35]} 30. Re5 {[%clk 0:00:35]} f6 {[%clk 0:00:34]} 31. Re2
{[%clk 0:00:35]} Rb4 {[%clk 0:00:30]} 32. Ke3 {[%clk 0:00:32]} g5
{[%clk 0:00:25]} 33. Rh2 {[%clk 0:00:23]} Bg6 {[%clk 0:00:21]} 34. Re2
{[%clk 0:00:16]} Rb8 {[%clk 0:00:16]} 35. Ke4 Ke5+ 1/2-1/2

[Event "Wroclaw"]
[Site "?"]
[Date "2020.08.27"]
[Round "5.4"]
[White "Kozak, Antoni"]
[Black "Kozlowski, Pawel"]
[Result "0-1"]
[BlackElo "1900"]
[WhiteElo "2320"]
[LiveChessVersion "1.4.8"]

1. Nf3 e6 2. c4 f5 3. b3 Nf6 4. Bb2 d5 5. g3 Bd6 6. Bg2 O-O 7. O-O c6 8. d3 Qe7
9. Nbd2 Nbd7 10. Re1 e5 11. cxd5 cxd5 12. e4 fxe4 13. dxe4 d4 14. Nc4 Bb4 15. Rf1
b5 16. Ncxe5 Nxe5 17. Nxe5 Qxe5 18. f4 Qh5 19. e5 Bg4 20. Qxd4 Ba5 21. exf6 Bb6
22. fxg7 Rfd8 23. Qxb6 axb6 24. Rfe1 Bf3 25. Re5 Qg4 26. Rg5 Qe6 27. Re5 Qc6 28.
Bh3 Bd5 29. Rc1 Qb7 30. Rce1 Bf7 31. Re7 Qd5 32. R1e5 Qd1+ 33. Re1 Qd5 34. R1e5
Qd1+ 35. Re1 Qd2 36. Bf6 Rxa2 37. Rxf7 Qf2+ 0-1

[Event "Wroclaw"]
[Site "?"]
[Date "2020.08.27"]
[Round "5.5"]
[White "Golenia, Jan"]
[Black "Psyk, Radoslaw"]
[Result "1-0"]
[BlackElo "2288"]
[WhiteElo "1956"]
[LiveChessVersion "1.4.8"]

1. c4 {[%clk 0:03:02]} e5 {[%clk 0:03:03]} 2. Nc3 {[%clk 0:03:04]} Bb4
{[%clk 0:03:04]} 3. g3 {[%clk 0:03:05]} Bxc3 {[%clk 0:03:04]} 4. bxc3
{[%clk 0:03:05]} d6 {[%clk 0:03:04]} 5. d4 {[%clk 0:03:06]} Nc6 {[%clk 0:03:00]}
6. Bg2 {[%clk 0:03:07]} f5 {[%clk 0:02:52]} 7. Nf3 {[%clk 0:02:32]} Nf6
{[%clk 0:02:36]} 8. Ba3 {[%clk 0:02:20]} e4 {[%clk 0:02:32]} 9. Nd2
{[%clk 0:02:20]} O-O {[%clk 0:02:30]} 10. e3 {[%clk 0:02:21]} Qe8
{[%clk 0:02:14]} 11. c5 {[%clk 0:02:20]} d5 {[%clk 0:02:14]} 12. c4
{[%clk 0:02:22]} Be6 {[%clk 0:02:09]} 13. cxd5 {[%clk 0:02:19]} Bxd5
{[%clk 0:02:10]} 14. Rb1 {[%clk 0:02:17]} Rb8 {[%clk 0:02:05]} 15. Rb2
{[%clk 0:02:06]} Qg6 {[%clk 0:01:48]} 16. O-O {[%clk 0:01:56]} Ng4
{[%clk 0:01:16]} 17. h3 {[%clk 0:01:47]} Nf6 {[%clk 0:01:18]} 18. Qb1
{[%clk 0:01:47]} h5 {[%clk 0:00:59]} 19. h4 {[%clk 0:01:41]} f4 {[%clk 0:00:46]}
20. gxf4 {[%clk 0:01:29]} Qg4 {[%clk 0:00:44]} 21. f3 {[%clk 0:01:13]} exf3
{[%clk 0:00:40]} 22. Nxf3 {[%clk 0:01:14]} Be4 {[%clk 0:00:37]} 23. Qe1
{[%clk 0:01:08]} Rfe8 {[%clk 0:00:33]} 24. Ne5 {[%clk 0:00:56]} Nxe5
{[%clk 0:00:35]} 25. dxe5 {[%clk 0:00:58]} Nd5 {[%clk 0:00:29]} 26. Kh2
{[%clk 0:00:54]} Qf5 {[%clk 0:00:29]} 27. Bh3 {[%clk 0:00:52]} Qf7
{[%clk 0:00:29]} 28. Rd2 {[%clk 0:00:44]} c6 {[%clk 0:00:28]} 29. Bb2
{[%clk 0:00:45]} Rbd8 {[%clk 0:00:22]} 30. Rg1 {[%clk 0:00:43]} g6
{[%clk 0:00:22]} 31. Rf2 {[%clk 0:00:35]} Ne7 {[%clk 0:00:22]} 32. e6
{[%clk 0:00:33]} Qf8 {[%clk 0:00:16]} 33. Be5 {[%clk 0:00:34]} Bf5
{[%clk 0:00:14]} 34. Bxf5 {[%clk 0:00:32]} Qxf5 {[%clk 0:00:15]} 35. Bd6
{[%clk 0:00:27]} Qxe6 36. e4 {[%clk 0:00:23]} Kh7 {[%clk 0:00:15]} 37. Rfg2
{[%clk 0:00:22]} Rg8 {[%clk 0:00:16]} 38. Qe2 {[%clk 0:00:15]} Qf6
{[%clk 0:00:17]} 39. Rg5 {[%clk 0:00:14]} Rxd6 {[%clk 0:00:12]} 40. cxd6
{[%clk 0:00:14]} Qxf4+ {[%clk 0:00:13]} 41. R1g3 {[%clk 0:00:13]} Qxd6
{[%clk 0:00:12]} 42. e5 {[%clk 0:00:10]} Qd4 {[%clk 0:00:05]} 43. Qxh5+
{[%clk 0:00:09]} Kg7 {[%clk 0:00:06]} 44. Rxg6+ {[%clk 0:00:10]} Kf8
{[%clk 0:00:03]} 45. Rxg8+ {[%clk 0:00:08]} Nxg8 {[%clk 0:00:04]} 46. Rf3+
{[%clk 0:00:07]} Ke7 {[%clk 0:00:04]} 47. Qf7+ {[%clk 0:00:08]} Kd8
{[%clk 0:00:06]} 48. Qxg8+ {[%clk 0:00:09]} Kc7 {[%clk 0:00:07]} 49. Qg3
{[%clk 0:00:06]} Qd2+ {[%clk 0:00:07]} 50. Rf2 {[%clk 0:00:07]} Qh6
{[%clk 0:00:08]} 51. e6+ {[%clk 0:00:09]} Kb6 {[%clk 0:00:09]} 52. e7
{[%clk 0:00:10]} Qh8 {[%clk 0:00:07]} 53. Qe3+ {[%clk 0:00:10]} Ka6
{[%clk 0:00:06]} 54. e8=Q {[%clk 0:00:06]} Qxh4+ {[%clk 0:00:07]} 55. Kg1
{[%clk 0:00:07]} Qg4+ {[%clk 0:00:08]} 56. Kf1 {[%clk 0:00:08]} Qd1+
{[%clk 0:00:09]} 57. Qe1 {[%clk 0:00:10]} Qd5 {[%clk 0:00:07]} 58. Q1e2+
{[%clk 0:00:11]} Kb6 {[%clk 0:00:08]} 59. Q8e3+ {[%clk 0:00:11]} Kc7
{[%clk 0:00:09]} 60. Qe5+ {[%clk 0:00:12]} 1-0

[Event "Wroclaw"]
[Site "?"]
[Date "2020.08.27"]
[Round "5.6"]
[White "Nowak, Mikolaj"]
[Black "Fus, Jakub"]
[Result "1/2-1/2"]
[BlackElo "2113"]
[WhiteElo "1875"]
[LiveChessVersion "1.4.8"]

1. d4 {[%clk 0:03:03]} Nf6 {[%clk 0:03:04]} 2. c4 {[%clk 0:03:04]} g6
{[%clk 0:03:05]} 3. Nf3 {[%clk 0:03:05]} Bg7 {[%clk 0:03:06]} 4. e3
{[%clk 0:03:06]} O-O {[%clk 0:03:06]} 5. Be2 {[%clk 0:03:07]} b6 {[%clk 0:02:54]}
6. O-O {[%clk 0:03:04]} Bb7 {[%clk 0:02:55]} 7. Nc3 {[%clk 0:03:04]} e6
{[%clk 0:02:53]} 8. Qc2 {[%clk 0:02:33]} d6 {[%clk 0:02:54]} 9. Rd1
{[%clk 0:02:31]} Nbd7 {[%clk 0:02:55]} 10. b4 {[%clk 0:02:26]} a5
{[%clk 0:02:49]} 11. bxa5 {[%clk 0:02:20]} Rxa5 {[%clk 0:02:47]} 12. Nd2
{[%clk 0:02:07]} e5 {[%clk 0:02:26]} 13. Nb3 {[%clk 0:02:03]} Ra8
{[%clk 0:02:26]} 14. d5 {[%clk 0:01:42]} Nc5 {[%clk 0:02:02]} 15. Nxc5
{[%clk 0:01:37]} bxc5 {[%clk 0:02:03]} 16. a4 {[%clk 0:01:29]} Ne8
{[%clk 0:02:01]} 17. Bd2 {[%clk 0:01:13]} f5 {[%clk 0:02:02]} 18. a5
{[%clk 0:01:11]} Ba6 {[%clk 0:02:03]} 19. e4 {[%clk 0:00:45]} Qf6 20. Rdb1
{[%clk 0:00:37]} Qf7 {[%clk 0:01:08]} 21. Ra2 {[%clk 0:00:15]} Qd7
{[%clk 0:01:07]} 22. Qd1 {[%clk 0:00:13]} Nf6 {[%clk 0:01:07]} 23. exf5
{[%clk 0:00:11]} gxf5 {[%clk 0:01:08]} 24. Qf1 {[%clk 0:00:10]} Rae8
{[%clk 0:00:56]} 25. Bd1 {[%clk 0:00:10]} Qf7 {[%clk 0:00:45]} 26. Ba4
{[%clk 0:00:11]} Ra8 {[%clk 0:00:43]} 27. Bc6 {[%clk 0:00:11]} Rab8
{[%clk 0:00:37]} 28. Bb5 {[%clk 0:00:12]} Ra8 {[%clk 0:00:36]} 29. Bc6
{[%clk 0:00:12]} Rab8 {[%clk 0:00:35]} 30. Bb5 {[%clk 0:00:13]} Ra8
{[%clk 0:00:30]} 31. Bc6 {[%clk 0:00:14]} 1/2-1/2

[Event "Wroclaw"]
[Site "?"]
[Date "2020.08.27"]
[Round "5.7"]
[White "Pelka, Michal"]
[Black "Golenia, Wojciech"]
[Result "1-0"]
[BlackElo "1981"]
[WhiteElo "1658"]
[LiveChessVersion "1.4.8"]

1. e4 {[%clk 0:03:03]} d6 {[%clk 0:03:03]} 2. d4 {[%clk 0:03:00]} Nf6
{[%clk 0:03:04]} 3. Bd3 {[%clk 0:02:59]} g6 {[%clk 0:03:00]} 4. Ne2
{[%clk 0:02:56]} Bg7 {[%clk 0:02:50]} 5. O-O {[%clk 0:02:56]} e5 {[%clk 0:02:36]}
6. f4 {[%clk 0:02:55]} exd4 {[%clk 0:02:21]} 7. Nxd4 {[%clk 0:02:54]} O-O
{[%clk 0:02:22]} 8. Nc3 {[%clk 0:02:53]} Re8 {[%clk 0:02:05]} 9. Nf3
{[%clk 0:02:45]} Nc6 {[%clk 0:02:02]} 10. Re1 {[%clk 0:02:44]} Nb4
{[%clk 0:01:44]} 11. Bc4 {[%clk 0:02:26]} Bg4 {[%clk 0:01:39]} 12. Bb3
{[%clk 0:02:13]} Qd7 {[%clk 0:01:27]} 13. a3 {[%clk 0:02:08]} Na6
{[%clk 0:01:16]} 14. h3 {[%clk 0:01:28]} Bxf3 {[%clk 0:01:13]} 15. Qxf3
{[%clk 0:01:28]} Nc5 {[%clk 0:01:14]} 16. Bd2 {[%clk 0:01:01]} Qc6
{[%clk 0:01:14]} 17. Bd5 {[%clk 0:00:54]} Nxd5 {[%clk 0:01:11]} 18. exd5
{[%clk 0:00:44]} Qd7 {[%clk 0:01:05]} 19. Rad1 {[%clk 0:00:41]} Qf5
{[%clk 0:01:03]} 20. b4 {[%clk 0:00:38]} Nd7 {[%clk 0:00:57]} 21. Ne4
{[%clk 0:00:35]} Qxd5 {[%clk 0:00:51]} 22. Bc3 {[%clk 0:00:33]} Qc6
{[%clk 0:00:47]} 23. Bxg7 {[%clk 0:00:33]} Kxg7 {[%clk 0:00:48]} 24. Qd3
{[%clk 0:00:31]} Re7 {[%clk 0:00:32]} 25. Qd4+ {[%clk 0:00:32]} f6
{[%clk 0:00:33]} 26. Nxf6 {[%clk 0:00:28]} Rxe1+ {[%clk 0:00:33]} 27. Rxe1
{[%clk 0:00:29]} Qb6 {[%clk 0:00:14]} 28. Re7+ {[%clk 0:00:24]} Kf8
{[%clk 0:00:08]} 29. Nxd7+ {[%clk 0:00:24]} Kxe7 {[%clk 0:00:08]} 30. Nxb6
{[%clk 0:00:24]} axb6 {[%clk 0:00:10]} 31. Qe3+ {[%clk 0:00:25]} Kd7
{[%clk 0:00:11]} 32. Kf2 {[%clk 0:00:26]} Re8 {[%clk 0:00:13]} 33. Qc3 Re7
{[%clk 0:00:12]} 34. Kf3 {[%clk 0:00:28]} b5 {[%clk 0:00:13]} 35. Qd3
{[%clk 0:00:28]} c6 {[%clk 0:00:14]} 36. c4 {[%clk 0:00:29]} bxc4
{[%clk 0:00:15]} 37. Qxc4 d5 38. Qd3 {[%clk 0:00:30]} b6 {[%clk 0:00:18]} 39. a4
{[%clk 0:00:30]} Re4 {[%clk 0:00:19]} 40. Qc3 {[%clk 0:00:31]} d4
{[%clk 0:00:15]} 41. Qc4 {[%clk 0:00:30]} Re3+ {[%clk 0:00:16]} 42. Kf2
{[%clk 0:00:31]} Re4 {[%clk 0:00:16]} 43. Qd3 {[%clk 0:00:31]} Rxf4+
{[%clk 0:00:16]} 44. Kg3 {[%clk 0:00:30]} Rf5 {[%clk 0:00:08]} 45. Qxd4+
{[%clk 0:00:31]} Rd5 {[%clk 0:00:09]} 46. Qxb6 {[%clk 0:00:31]} Rd3+
{[%clk 0:00:11]} 47. Kh2 {[%clk 0:00:31]} Kd6 {[%clk 0:00:12]} 48. Qc5+
{[%clk 0:00:32]} Kc7 {[%clk 0:00:14]} 49. b5 {[%clk 0:00:33]} Rd6
{[%clk 0:00:14]} 50. a5 {[%clk 0:00:33]} Kd7 {[%clk 0:00:15]} 51. b6
{[%clk 0:00:33]} Rd5 {[%clk 0:00:17]} 52. Qb4 {[%clk 0:00:34]} Rb5
{[%clk 0:00:18]} 53. Qd2+ {[%clk 0:00:33]} Kc8 {[%clk 0:00:20]} 54. Qd6
{[%clk 0:00:34]} 1-0

[Event "Wroclaw"]
[Site "?"]
[Date "2020.08.27"]
[Round "5.8"]
[White "Pacan-Milej, Kosma"]
[Black "Majocha, Piotr"]
[Result "1-0"]
[BlackElo "1793"]
[WhiteElo "2113"]
[LiveChessVersion "1.4.8"]

1. d4 {[%clk 0:03:03]} Nf6 {[%clk 0:03:03]} 2. c4 {[%clk 0:03:04]} g6
{[%clk 0:03:01]} 3. g3 {[%clk 0:03:05]} Bg7 {[%clk 0:03:01]} 4. Bg2
{[%clk 0:03:06]} d5 {[%clk 0:03:01]} 5. cxd5 {[%clk 0:03:07]} Nxd5
{[%clk 0:03:02]} 6. Nc3 {[%clk 0:03:08]} Nxc3 {[%clk 0:03:02]} 7. bxc3
{[%clk 0:03:08]} O-O {[%clk 0:03:02]} 8. Nf3 {[%clk 0:03:09]} c5 {[%clk 0:03:03]}
9. O-O {[%clk 0:03:07]} Nc6 {[%clk 0:02:55]} 10. Be3 {[%clk 0:02:36]} cxd4
{[%clk 0:02:40]} 11. cxd4 {[%clk 0:02:31]} Be6 {[%clk 0:02:38]} 12. Qd2
{[%clk 0:02:12]} Bd5 {[%clk 0:02:14]} 13. Rfd1 {[%clk 0:02:12]} Qa5
{[%clk 0:02:02]} 14. Rab1 {[%clk 0:01:43]} Qxd2 {[%clk 0:01:39]} 15. Rxd2
{[%clk 0:01:38]} b6 {[%clk 0:01:28]} 16. Rc1 {[%clk 0:01:35]} Rac8
{[%clk 0:01:27]} 17. Rdc2 {[%clk 0:01:25]} e6 {[%clk 0:01:07]} 18. Ne5
{[%clk 0:00:39]} Bxg2 {[%clk 0:00:59]} 19. Kxg2 {[%clk 0:00:33]} Bxe5
{[%clk 0:00:44]} 20. Rxc6 {[%clk 0:00:31]} Rxc6 {[%clk 0:00:41]} 21. Rxc6
{[%clk 0:00:32]} Bg7 {[%clk 0:00:38]} 22. Rc7 {[%clk 0:00:32]} Rd8
{[%clk 0:00:37]} 23. Rc4 {[%clk 0:00:16]} b5 {[%clk 0:00:23]} 24. Rb4
{[%clk 0:00:12]} a6 {[%clk 0:00:21]} 25. a4 {[%clk 0:00:14]} Rd5 {[%clk 0:00:19]}
26. Kf3 {[%clk 0:00:12]} f5 {[%clk 0:00:11]} 27. axb5 {[%clk 0:00:12]} axb5
{[%clk 0:00:12]} 28. Rb3 {[%clk 0:00:08]} Bxd4 {[%clk 0:00:09]} 29. Bxd4
{[%clk 0:00:09]} Rxd4 {[%clk 0:00:11]} 30. Rxb5 {[%clk 0:00:10]} h5
{[%clk 0:00:06]} 31. Rb7 {[%clk 0:00:11]} Rd6 {[%clk 0:03:02]} 32. Ke4 1-0